Masa y poder: obra completa. 1 (Registro nro. 5115)
[ vista simple ]
| 000 -LEADER | |
|---|---|
| fixed length control field | 01163nam a22002057a 4500 |
| 003 - CONTROL NUMBER IDENTIFIER | |
| control field | DO-SdBHA |
| 005 - DATE AND TIME OF LATEST TRANSACTION | |
| control field | 20211103151139.0 |
| 008 - FIXED-LENGTH DATA ELEMENTS--GENERAL INFORMATION | |
| fixed length control field | 190114b ||||| |||| 00| 0 spa d |
| 020 ## - INTERNATIONAL STANDARD BOOK NUMBER | |
| International Standard Book Number | 978-84-9793-677-4 |
| 040 ## - CATALOGING SOURCE | |
| Transcribing agency | DO-SdBJH |
| 082 ## - DEWEY DECIMAL CLASSIFICATION NUMBER | |
| Classification number | 303.3 |
| Item number | C221m 2016 |
| 100 1# - MAIN ENTRY--PERSONAL NAME | |
| Personal name | Canetti, Elias |
| 245 10 - TITLE STATEMENT | |
| Title | Masa y poder: obra completa. 1 |
| Statement of responsibility, etc. | Elias Canetti |
| 260 ## - PUBLICATION, DISTRIBUTION, ETC. (IMPRINT) | |
| Place of publication, distribution, etc. | Barcelona, España : |
| Name of publisher, distributor, etc. | Debolsillo , |
| Date of publication, distribution, etc. | 2016 |
| 300 ## - PHYSICAL DESCRIPTION | |
| Extent | 737 páginas |
| 490 ## - SERIES STATEMENT | |
| Series statement | Contemporánea, de bolsillo |
| Volume/sequential designation | (vol. 385/1) |
| 505 ## - FORMATTED CONTENTS NOTE | |
| Formatted contents note | 1- Inversión del temor a ser tocado 2- Mutas y mutas 3- La inversión de las mutas 4- Símbolos de masa de las naciones 5- Agarrar e incorporar 6- El superviviente 7- Fuerza y poder 8- La orden; fuga y aguijón 9- Presentimiento y metamorfosis entre los bosquimanos 10- Sobre las posiciones del hombre; lo que contienen 11- Reyes africanos <br/> |
| 650 4# - SUBJECT ADDED ENTRY--TOPICAL TERM | |
| Topical term or geographic name as entry element | Poder (ciencias sociales) |
| Form subdivision | grupos sociales- psicología social |
| 942 ## - ADDED ENTRY ELEMENTS (KOHA) | |
| Source of classification or shelving scheme | Dewey Decimal Classification |
| Koha item type | Libros |
| Withdrawn status | Lost status | Source of classification or shelving scheme | Damaged status | Not for loan | Collection code | Home library | Current library | Shelving location | Date acquired | Inventory number | Total Checkouts | Full call number | Barcode | Date last seen | Copy number | Price effective from | Koha item type |
|---|---|---|---|---|---|---|---|---|---|---|---|---|---|---|---|---|---|
| Dewey Decimal Classification | Colección General | SIBM UNADE - Biblioteca Escuela de Graduados de Estudios Militares, ERD | SIBM UNADE - Biblioteca Escuela de Graduados de Estudios Militares, ERD | En estantería | 11/03/2021 | 21-EERD-01702 | 303.3 C221m 2016 | 21-EERD-01702 | 01/14/2019 | E.1 | 11/03/2021 | Libros | |||||
| Dewey Decimal Classification | Colección General | SIBM UNADE - Biblioteca Escuela de Graduados de Estudios Militares, ERD | SIBM UNADE - Biblioteca Escuela de Graduados de Estudios Militares, ERD | En estantería | 05/11/2022 | 21-EERD-01754 | 303.3 C221m 2016 | 21-EERD-01754 | 05/11/2022 | Ej.4 | 05/11/2022 | Libros |
